[Event "Temuco op 2nd"]
[Site "Temuco"]
[Date "2025.01.10"]
[Round "1"]
[White "Miranda Iubini, Noa"]
[Black "Diaz Vasquez, Martin"]
[Result "0-1"]
[WhiteElo "1709"]
[BlackElo "2269"]
[PlyCount "70"]
[EventDate "2025.01.10"]
[EventType "swiss"]
[EventRounds "9"]
[EventCountry "CHI"]
[SourceTitle "CB04_2025"]
[SourceDate "2025.01.22"]
[SourceVersion "1"]
[SourceVersionDate "2025.01.22"]
[SourceQuality "1"]

1. e4 c5 2. Nf3 e6 3. d4 cxd4 4. Nxd4 Nf6 5. Nc3 Nc6 6. Be3 Bb4 7. Qd3 d5 8. e5 Ne4 9. Nf3 Qa5 10. Bd2 Nxd2 11. Qxd2 0-0 12. Be2 Rd8 13. Nd4 Nxe5 14. 0-0 Bd7 15. Qe3 Nc6 16. Nb3 Qc7 17. Nb5 Qe5 18. Qd3 Rac8 19. c3 Be7 20. N5d4 Qb8 21. f4 Bd6 22. Qf3 Nxd4 23. Nxd4 b5 24. Kh1 b4 25. Rab1 bxc3 26. Ba6 c2 27. Rbc1 Rc7 28. Nb3 Bb5 29. Bxb5 Qxb5 30. Rf2 Rdc8 31. f5 e5 32. f6 g6 33. Qe3 a5 34. Rf3 a4 35. Rh3 Bf8 0-1